R. Gupta's popular master guide U.G.C. NET /SLET junior research fellowship and lectureship Computer science and applications, paper II and IIIexam (Record no. 3261)

MARC details
000 -LEADER
fixed length control field 00957 a2200229 4500
010 ## - LIBRARY OF CONGRESS CONTROL NUMBER
LC control number ENG-85688
020 ## - INTERNATIONAL STANDARD BOOK NUMBER
Terms of availability 360.00
International Standard Book Number 8178123282
035 ## - SYSTEM CONTROL NUMBER
System control number EN-69221
037 ## - SOURCE OF ACQUISITION
Source of stock number/acquisition D.B.Act / Pub
082 14 - DEWEY DECIMAL CLASSIFICATION NUMBER
Classification number 004
090 ## - LOCALLY ASSIGNED LC-TYPE CALL NUMBER (OCLC); LOCAL CALL NUMBER (OCLC)
-- 3326
-- 3326
100 1# - MAIN ENTRY--PERSONAL NAME
Personal name Khan, M. Shamshur Rabb
245 1# - TITLE STATEMENT
Title R. Gupta's popular master guide U.G.C. NET /SLET junior research fellowship and lectureship Computer science and applications, paper II and IIIexam
Statement of responsibility, etc by M. Shamshur Rabb Khan and RPH Editorial Board
260 ## - PUBLICATION, DISTRIBUTION, ETC. (IMPRINT)
Place of publication, distribution, etc New Delhi
Name of publisher, distributor, etc Ramesh Publishing House
Date of publication, distribution, etc 2008
270 ## - ADDRESS
Address 12-H, New Darya Ganj Road, Opp. Traffic Kotwali
City New Delhi
State or province Delhi :
Postal code 110002
Telephone number 23261647
Fax number 23275124
Electronic mail address info@rameshpublishinghouse.com
300 ## - PHYSICAL DESCRIPTION
Extent viii, 708 p.
Dimensions 23 cm (pbk)
650 ## - SUBJECT ADDED ENTRY--TOPICAL TERM
Topical term or geographic name as entry element Computer science
650 ## - SUBJECT ADDED ENTRY--TOPICAL TERM
Topical term or geographic name as entry element Computer applications
710 ## - ADDED ENTRY--CORPORATE NAME
Corporate name or jurisdiction name as entry element RPH Editorial Board
942 ## - ADDED ENTRY ELEMENTS (KOHA)
Institution code [OBSOLETE] dpl
Koha item type English Books
Call number prefix 004 / KHA
Holdings
Withdrawn status Lost status Source of classification or shelving scheme Damaged status Not for loan Collection code Home library Current library Source of acquisition Cost, normal purchase price Total Checkouts Full call number Barcode Date last seen Copy number Uniform Resource Identifier Cost, replacement price Price effective from Koha item type
    Dewey Decimal Classification   Not For Loan Non-fiction D.B.Act.Division D.B.Act.Division DBAD/PUB 360.00   004 EN-69221 15/09/2008 1 3471 360.00 15/09/2008 English Books

© Delhi Public Library
Hit Counter
free hit counter